The Americas Geography by Letter - H - Statistics

General Stats
  • This quiz has been taken 663 times
  • The average score is 10 of 20
Answer Stats
Hint Answer % Correct
The capital of Cuba Havana
98%
Largest city in Texas Houston
97%
An area in Los Angeles known for making motion pictures Hollywood
92%
Central American nation that houses Tegucigalpa, Trujillo and Roatan Honduras
88%
The third-largest fresh water lake on Earth is Lake _____ Huron
86%
A historically African-American neighborhood in upper Mannhattan Harlem
85%
The largest city in Nova Scotia Halifax
75%
Large Canadian bay the touches Ontario, Quebec, Manitoba and Nunavut Hudson Bay
71%
Island nation known as "The Pearl of the Antilles" Haiti
70%
The Capital of Pennsylvania Harrisburg
67%
A New England city known as "The Insurance Capital of the World" Hartford
61%
The capital and financial centre of Bermuda Hamilton
39%
A Native America Peoples in Arizona who's reservation is encompassed by the Navajo Nation Hopi
31%
A historic, West Virginian town that was the site of John Brown's Raid Harper's Ferry
23%
A United States National Park in central Arkansas Hot Springs National Park
19%
Inland Mexican state that's capital is Pachuca de Soto Hidalgo
10%
A Floridian City nestled between Biscayne National Park and Everglades National Park Homestead
8%
A major manufacturing center in Sonora, Mexico Hermosillo
7%
A National Forest on Michigan's Upper Peninsula Hiawatha National Forest
6%
A large glacier located in eastern Alaska that is a popular cruise destination Hubbard Glacier
3%
No matching quizzes found
Score Distribution
Percent of People with Each Score
Percentile by Number Answered
Your Score History
You have not taken this quiz